Ariana Grande Songs In Alphabetical Order - Statistics

General Stats
  • This quiz has been taken 55 times
  • The average score is 20 of 123
Answer Stats
Album Song % Correct
Positions 34 + 35
81%
thank u, next 7 rings
81%
Yours Truly Almost Is Never Enough (feat. Nathan Skyes)
54%
Yours Truly Baby I
31%
Dangerous Woman Bad Decisions
31%
thank u, next bad idea
31%
Sweetener breathin
27%
Sweetener God is a woman
27%
Sweetener sweetener
27%
Dangerous Woman Be Alright
23%
thank u, next bloodline
23%
Sweetener borderline (feat. Missy Elliot)
23%
My Everything Break Free (feat. Zedd)
23%
thank u, next break up with your girlfriend, i'm bored
23%
Charlie's Angels Soundtrack Don't Call Me Angel (Charlie's Angels)(with Miley Cyrus & Lana del Rey)
23%
eternal sunshine eternal sunshine
23%
Single Focus
23%
thank u, next imagine
23%
Dangerous Woman Into You
23%
Sweetener no tears left to cry
23%
Sweetener pete davidson
23%
Positions positions
23%
Sweetener R.E.M.
23%
Single Santa Tell Me
23%
Sweetener successful
23%
eternal sunshine supernatural
23%
My Everything Be My Baby (feat. Cashmere Cat)
19%
Sweetener better off
19%
Sweetener blazed (feat. Pharrell Williams)
19%
eternal sunshine bye
19%
eternal sunshine don't wanna break up again
19%
Dangerous Woman Everyday (feat. Future)
19%
thank u, next fake smile
19%
Sweetener get well soon
19%
Sweetener goodnight n go
19%
Dangerous Woman Greedy
19%
Positions just like magic
19%
Dangerous Woman Knew Better / Forever Boy
19%
My Everything My Everything
19%
thank u, next NASA
19%
Positions nasty
19%
Positions pov
19%
Dangerous Woman Side To Side (feat. Nicki Minaj)
19%
thank u, next thank u, next
19%
eternal sunshine the boy is mine
19%
eternal sunshine we can't be friends (wait for your love)
19%
Charlie's Angels Soundtrack Bad To You (with Normani & Nicki Minaj)
15%
My Everything (Deluxe) Bang Bang (with Jessie J and Nicki Minaj)
15%
My Everything Best Mistake (feat. Big Sean)
15%
Yours Truly Better Left Unsaid
15%
My Everything Break Your Heart Right Back (feat. Childish Gambino)
15%
Dangerous Woman Dangerous Woman
15%
Yours Truly Daydreamin'
15%
Sweetener everytime
15%
thank u, next ghostin
15%
Yours Truly Honeymoon Avenue
15%
Dangerous Woman I Don't Care
15%
thank u, next in my head
15%
My Everything Just A Little Bit Of Your Heart
15%
Dangerous Woman Let Me Love You (feat. Lil Wayne)
15%
Positions love language
15%
thank u, next make up
15%
Dangerous Woman Moonlight
15%
Positions motive (with Doja Cat)
15%
thank u, next needy
15%
Positions off the table (with The Weeknd)
15%
My Everything One Last Time
15%
Positions safety net (feat. Ty Dolla $ign)
15%
Positions shut up
15%
Dangerous Woman Sometimes
15%
Yours Truly Tattooed Heart
15%
Sweetener the light is coming (feat. Nicki Minaj)
15%
Yours Truly The Way (feat. Mac Miller)
15%
Single boyfriend (with Social House)
12%
Christmas & Chill December
12%
My Everything Hands On Me (feat. A$AP Ferg)
12%
eternal sunshine imperfect for you
12%
eternal sunshine i wish i hated you
12%
Dangerous Woman Leave Me Lonely (feat. Macy Gray)
12%
My Everything Love Me Harder (feat. The Weeknd)
12%
Positions (Deluxe) main thing
12%
Positions my hair
12%
Positions obvious
12%
My Everything (Deluxe) Only 1
12%
eternal sunshine ordinary things (feat. Nonna)
12%
Yours Truly Piano
12%
Yours Truly Popular Song
12%
My Everything Problem (feat. Iggy Azalea)
12%
Yours Truly Right There (feat. Big Sean)
12%
Single Stuck with U (with Justin Bieber)
12%
Dangerous Woman Thinking Bout You
12%
Positions west side
12%
My Everything Why Try
12%
eternal sunshine yes, and?
12%
Charlie's Angels Soundtrack Got Her Own (with Victoria Monét)
8%
Charlie's Angels Soundtrack How I Look On You
8%
Single Jason's Song (Gave It Away)
8%
Christmas Kisses Last Christmas
8%
Christmas Kisses Love Is Everything
8%
Yours Truly Lovin' It
8%
Single MONOPOLY (with Victoria Monét)
8%
Christmas & Chill Not Just On Christmas
8%
Single Put Your Hearts Up
8%
Christmas Kisses Santa Baby (feat. Liz Gillies)
8%
Positions six thirty
8%
Christmas Kisses Snow In California
8%
Single Step On Up
8%
Positions (Deluxe) test drive
8%
Dangerous Woman Touch It
8%
Christmas & Chill True Love
8%
eternal sunshine true story
8%
Christmas & Chill Winter Things
8%
Christmas & Chill Wit It This Christmas
8%
Positions (Deluxe) worst behavior
8%
My Everything (Deluxe) You Don't Know Me
8%
Yours Truly You'll Never Know
8%
Single A Little More Homework (From "13")
4%
Single Beauty and the Beast (with John Legend)
4%
Single Just Look Up (From Don't Look Up)
4%
Single They Don't Know
4%
Single Zero To Hero - From "Hercules"
4%
Single Brand New You (From "13")
0%
Charlie's Angels Soundtrack Nobody (with Chaka Khan)
0%
No matching quizzes found
Score Distribution
Percent of People with Each Score
Percentile by Number Answered
Your Score History
You have not taken this quiz